000 00781nam a22001935i 4500
001 155331
003 ES-MaACL
005 20230906210033.0
008 000511s1871 sp |||| | spa d
040 _aCAM
_bspa
_cCAM
100 1 _aHernández Poggio, Ramón.
_9127903
245 1 3 _aLa calentura roja observada en sus apariciones epidémicas de los años 1865 y 1867 /
_cpor Ramón Hernández Poggio.
260 _aMadrid :
_b[s.n.],
_c1871 (
_fimprenta de Alejandro Gómez Fuentenebro)
300 _a74, [1] p. ;
_c24 cm.
530 _aDisponible en formato digital.
650 4 _aDengue.
_9155669
852 _aES-MaACL
_jT-163-F-5
_z-- Enc. hol.
_z-- Enc. en un vol. facticio
856 _uhttp://bdh-rd.bne.es/viewer.vm?id=0000124604&page=1
_zBiblioteca Digital Hispánica
999 _c155331
_d155331